| 000 | 00377 a2200157 4500 | ||
|---|---|---|---|
| 001 | 47136 | ||
| 020 | _a9788508168095 | ||
| 040 | _cAnchieta - Aquarius | ||
| 240 | 1 | 0 |
_aQuando eu crescer quero ser professor _lpor |
| 245 | 1 | 0 | _aQuando eu crescer quero ser professor |
| 300 | _a12 | ||
| 362 | 0 | _a2014 | |
| 440 | 1 | _aÁtica | |
| 650 | 4 | _aLiteratura infanto-juvenil | |
| 942 | _cBK | ||
| 999 |
_c47136 _d47136 |
||